| 000 | 00721cam a2200169 i 4500 | ||
|---|---|---|---|
| 005 | 20251204122410.0 | ||
| 008 | 250721s1984 ku gr 000 0 ara d | ||
| 082 | 1 | 4 |
_a214.2 _bس ي د |
| 100 | 1 |
_aالكيلاني، سيد أحمد _eمؤلف. |
|
| 245 | 1 | 0 |
_aفي موكب النبيين : _bدراسة تحليلية هادفه لسير الأنبياء السابقين في ضوء الآيات القرآنية والثابت من الأحاديث الشريفة / _cتأليف سيد أحمد الكيلاني. |
| 250 | _aالطبعة الأولى. | ||
| 264 | 3 | 1 |
_aالكويت : _bدار القلم، _c1984. |
| 300 | _aالجزء الأول. | ||
| 650 | 1 | 7 | _aالنبوة. |
| 942 |
_2ddc _cBK |
||
| 999 |
_c446 _d446 |
||